[Event "T-Director's Swiss sytem"]
[Site "playchess.com #662980"]
[Date "2014.03.16"]
[Round "1"]
[White "GDnp"]
[Black "Penquins"]
[Result "0-1"]
[WhiteElo "1628"]
[BlackElo "2117"]
[PlyCount "70"]
[EventDate "2014.03.16"]
[EventType "swiss (blitz)"]

1. Nf3 {[%emt 0:00:01]} Nf6 {[%emt 0:00:04]} 2. c4 {[%emt 0:00:01]} g6 {[%emt
0:00:08]} 3. g3 {[%emt 0:00:02]} Bg7 {[%emt 0:00:01]} 4. Bg2 {[%emt 0:00:00]}
O-O {[%emt 0:00:04]} 5. d4 {[%emt 0:00:01]} d5 {[%emt 0:00:04]} 6. cxd5 {[%emt
0:00:07]} Nxd5 {[%emt 0:00:02]} 7. O-O {[%emt 0:00:03]} c6 {[%emt 0:00:10]} 8.
e4 {[%emt 0:00:11]} Nb6 {[%emt 0:00:06]} 9. Re1 {[%emt 0:00:11]} Bg4 {[%emt 0:
00:17]} 10. e5 {[%emt 0:00:59]} Qd7 {[%emt 0:00:33]} 11. Be3 {[%emt 0:00:31]}
Nc4 {[%emt 0:00:30]} 12. Qb3 {[%emt 0:00:22]} Nxe3 {[%emt 0:00:30]} 13. Qxe3 {
[%emt 0:00:09]} Na6 {[%emt 0:00:05]} 14. Nc3 {[%emt 0:00:53]} Nb4 {[%emt 0:00:
12]} 15. Rac1 {[%emt 0:00:19]} h6 {[%emt 0:00:44]} 16. a3 {[%emt 0:00:07]} Nd5
{[%emt 0:00:11]} 17. Nxd5 {[%emt 0:00:05]} cxd5 {[%emt 0:00:22]} 18. Nd2 {
[%emt 0:00:05]} Rfc8 {[%emt 0:00:09]} 19. Nb3 {[%emt 0:00:02]} b6 {[%emt 0:00:
05]} 20. f3 {[%emt 0:00:19]} Be6 {[%emt 0:00:04]} 21. Rc3 {[%emt 0:00:15]} Rxc3
{[%emt 0:00:23]} 22. Qxc3 {[%emt 0:00:02]} Rc8 {[%emt 0:00:08]} 23. Qd2 {[%emt
0:00:01]} Qb5 {[%emt 0:00:05]} 24. Nc1 {[%emt 0:00:09]} Bf5 {[%emt 0:00:03]}
25. g4 {[%emt 0:00:07]} Rc2 {[%emt 0:00:10]} 26. Qd1 {[%emt 0:00:31]} Qxb2 {
[%emt 0:00:02]} 27. Re2 {[%emt 0:00:18]} Qxc1 {[%emt 0:00:09] '} 28. Qxc1 {
[%emt 0:00:06]} Rxc1+ {[%emt 0:00:00]} 29. Kf2 {[%emt 0:00:01]} Bd3 {[%emt 0:
00:07]} 30. Rd2 {[%emt 0:00:01]} Bc4 {[%emt 0:00:04]} 31. f4 {[%emt 0:00:03]}
e6 {[%emt 0:00:02]} 32. Rb2 {[%emt 0:00:02]} Bf8 {[%emt 0:00:03]} 33. a4 {
[%emt 0:00:02]} Ba3 {[%emt 0:00:05]} 34. Rd2 {[%emt 0:00:03]} Bb4 {[%emt 0:00:
04]} 35. Rb2 {[%emt 0:00:02]} Bc3 {[%emt 0:00:03] Tiempo} 0-1

[Event "T-Director's Swiss sytem"]
[Site "playchess.com #662980"]
[Date "2014.03.16"]
[Round "6"]
[White "GDnp"]
[Black "UrkhanSG"]
[Result "0-1"]
[WhiteElo "1671"]
[BlackElo "2004"]
[PlyCount "84"]
[EventDate "2014.03.16"]
[EventType "swiss (blitz)"]

1. d4 {[%emt 0:00:05]} Nf6 {[%emt 0:00:01]} 2. Bg5 {[%emt 0:00:04]} Ne4 {[%emt
0:00:02]} 3. Bh4 {[%emt 0:00:02]} g5 {[%emt 0:00:03]} 4. f3 {[%emt 0:00:01]}
gxh4 {[%emt 0:00:03]} 5. fxe4 {[%emt 0:00:01]} e5 {[%emt 0:00:05]} 6. e3 {
[%emt 0:00:15]} Bh6 {[%emt 0:00:05]} 7. Qf3 {[%emt 0:00:15]} Qg5 {[%emt 0:00:
03]} 8. Nc3 {[%emt 0:00:35]} Qxe3+ {[%emt 0:00:06]} 9. Qxe3 {[%emt 0:00:07]}
Bxe3 {[%emt 0:00:00]} 10. dxe5 {[%emt 0:00:09]} Bd4 {[%emt 0:00:12]} 11. Nge2 {
[%emt 0:00:07]} Bxe5 {[%emt 0:00:11]} 12. O-O-O {[%emt 0:00:06]} c6 {[%emt 0:
00:07]} 13. Nd4 {[%emt 0:00:19]} d6 {[%emt 0:00:05]} 14. Nf3 {[%emt 0:00:01]}
Bg4 {[%emt 0:00:08]} 15. Rd3 {[%emt 0:00:25]} Nd7 {[%emt 0:00:06]} 16. Nxh4 {
[%emt 0:00:06]} Nc5 {[%emt 0:00:03]} 17. Rd2 {[%emt 0:00:40]} Bf4 {[%emt 0:00:
04]} 18. h3 {[%emt 0:00:01]} Be6 {[%emt 0:00:09]} 19. Kd1 {[%emt 0:00:09]} Bxd2
{[%emt 0:00:02]} 20. Kxd2 {[%emt 0:00:00]} O-O-O {[%emt 0:00:02]} 21. b4 {
[%emt 0:00:02]} Nd7 {[%emt 0:00:07]} 22. Bd3 {[%emt 0:00:02]} Ne5 {[%emt 0:00:
01]} 23. Rf1 {[%emt 0:00:09]} Rhg8 {[%emt 0:00:02]} 24. Rf2 {[%emt 0:00:08]}
Kc7 {[%emt 0:00:06]} 25. a3 {[%emt 0:00:01]} Rd7 {[%emt 0:00:01]} 26. a4 {
[%emt 0:00:02]} a6 {[%emt 0:00:01]} 27. Ne2 {[%emt 0:00:02]} d5 {[%emt 0:00:10]
} 28. exd5 {[%emt 0:00:07]} Rxd5 {[%emt 0:00:06]} 29. Nf4 {[%emt 0:00:02]} Rd7
{[%emt 0:00:06]} 30. Nxe6+ {[%emt 0:00:09]} fxe6 {[%emt 0:00:01]} 31. Kc3 {
[%emt 0:00:09]} Nxd3 {[%emt 0:00:02]} 32. cxd3 {[%emt 0:00:01]} Rg3 {[%emt 0:
00:05]} 33. Nf3 {[%emt 0:00:02]} Rdg7 {[%emt 0:00:01]} 34. Nd4 {[%emt 0:00:08]}
Kd7 {[%emt 0:00:05]} 35. Re2 {[%emt 0:00:06]} R7g6 {[%emt 0:00:05]} 36. a5 {
[%emt 0:00:07]} Rxg2 {[%emt 0:00:03]} 37. Re3 {[%emt 0:00:08]} R2g3 {[%emt 0:
00:02]} 38. Re1 {[%emt 0:00:08]} Rxh3 {[%emt 0:00:02]} 39. Rf1 {[%emt 0:00:00]}
Ke7 {[%emt 0:00:05]} 40. Kc2 {[%emt 0:00:03]} Rg2+ {[%emt 0:00:02]} 41. Kc3 {
[%emt 0:00:03]} Rgg3 {[%emt 0:00:01]} 42. Re1 {[%emt 0:00:07]} Rxd3+ {[%emt 0:
00:03] GDnp ofrece tablas GDnp rinde} 0-1

[Event "T-Director's Swiss sytem"]
[Site "playchess.com #662980"]
[Date "2014.03.16"]
[Round "5"]
[White "Grunfelder"]
[Black "LovePoetry"]
[Result "0-1"]
[WhiteElo "1315"]
[BlackElo "1661"]
[PlyCount "84"]
[EventDate "2014.03.16"]
[EventType "swiss (blitz)"]

1. e4 {[%emt 0:00:01]} c5 {[%emt 0:00:03]} 2. Nf3 {[%emt 0:00:02]} d6 {[%emt 0:
00:02]} 3. d4 {[%emt 0:00:03]} cxd4 {[%emt 0:00:01]} 4. Nxd4 {[%emt 0:00:01]}
Nf6 {[%emt 0:00:01]} 5. Nc3 {[%emt 0:00:01]} a6 {[%emt 0:00:01]} 6. Be3 {[%emt
0:00:03]} e5 {[%emt 0:00:04]} 7. Nde2 {[%emt 0:00:09]} Be6 {[%emt 0:00:05]} 8.
f3 {[%emt 0:00:01]} d5 {[%emt 0:00:24]} 9. exd5 {[%emt 0:00:09]} Nxd5 {[%emt 0:
00:01]} 10. Nxd5 {[%emt 0:00:23]} Qxd5 {[%emt 0:00:01]} 11. Nc3 {[%emt 0:00:10]
} Qa5 {[%emt 0:00:12]} 12. Qd2 {[%emt 0:00:05]} Nc6 {[%emt 0:00:06]} 13. Ne4 {
[%emt 0:00:36]} Qxd2+ {[%emt 0:00:26]} 14. Bxd2 {[%emt 0:00:01]} Be7 {[%emt 0:
00:09]} 15. a3 {[%emt 0:00:02]} f5 {[%emt 0:00:07]} 16. Ng5 {[%emt 0:00:10]}
Bd5 {[%emt 0:00:15]} 17. O-O-O {[%emt 0:00:09]} h6 {[%emt 0:00:05]} 18. Nh3 {
[%emt 0:00:01]} O-O-O {[%emt 0:00:06]} 19. Nf2 {[%emt 0:00:07]} Bc5 {[%emt 0:
00:28]} 20. Nd3 {[%emt 0:00:06]} Bd4 {[%emt 0:00:08]} 21. Nb4 {[%emt 0:00:05]}
Nxb4 {[%emt 0:00:11]} 22. Bxb4 {[%emt 0:00:02]} Bc6 {[%emt 0:00:22]} 23. Bc4 {
[%emt 0:00:10]} Be3+ {[%emt 0:00:09]} 24. Kb1 {[%emt 0:00:03]} f4 {[%emt 0:00:
26]} 25. Bd6 {[%emt 0:00:49]} b5 {[%emt 0:00:28]} 26. Be6+ {[%emt 0:00:09]} Kb7
{[%emt 0:00:01]} 27. Bxe5 {[%emt 0:00:03]} Rde8 {[%emt 0:00:06]} 28. Bxg7 {
[%emt 0:00:25]} Rh7 {[%emt 0:00:04]} 29. Bd7 {[%emt 0:00:14]} Rxg7 {[%emt 0:00:
12]} 30. Bxe8 {[%emt 0:00:02]} Bxe8 {[%emt 0:00:01]} 31. Rhe1 {[%emt 0:00:29]}
Rxg2 {[%emt 0:00:03]} 32. h4 {[%emt 0:00:17]} Rh2 {[%emt 0:00:21]} 33. Rd8 {
[%emt 0:00:11]} Bc6 {[%emt 0:00:05]} 34. Rh8 {[%emt 0:00:12]} Rxh4 {[%emt 0:00:
05]} 35. Rd1 {[%emt 0:00:01]} Bxf3 {[%emt 0:00:18]} 36. Rd7+ {[%emt 0:00:17]}
Kb6 {[%emt 0:00:02]} 37. Rdh7 {[%emt 0:00:01]} Rh1+ {[%emt 0:00:03]} 38. Ka2 {
[%emt 0:00:01]} Bd5+ {[%emt 0:00:02]} 39. b3 {[%emt 0:00:01]} f3 {[%emt 0:00:
09]} 40. Rb8+ {[%emt 0:00:04]} Ka5 {[%emt 0:00:06]} 41. Rd8 {[%emt 0:00:14]}
Bd4 {[%emt 0:00:07]} 42. Rxd5 {[%emt 0:00:02]} Ra1# {[%emt 0:00:02]} 0-1

[Event "T-Director's Swiss sytem"]
[Site "playchess.com #662980"]
[Date "2014.03.16"]
[Round "7"]
[White "Grunfelder"]
[Black "Mariofad"]
[Result "1-0"]
[WhiteElo "1306"]
[BlackElo "1467"]
[PlyCount "60"]
[EventDate "2014.03.16"]
[EventType "swiss (blitz)"]

1. e4 {[%emt 0:00:01]} c5 {[%emt 0:00:02]} 2. Nf3 {[%emt 0:00:02]} e6 {[%emt 0:
00:01]} 3. d4 {[%emt 0:00:04]} cxd4 {[%emt 0:00:01]} 4. Nxd4 {[%emt 0:00:02]}
a6 {[%emt 0:00:00]} 5. Nc3 {[%emt 0:00:02]} b5 {[%emt 0:00:01]} 6. Be3 {[%emt
0:00:02]} Qc7 {[%emt 0:00:01]} 7. Qd2 {[%emt 0:00:03]} Bb7 {[%emt 0:00:01]} 8.
f3 {[%emt 0:00:01]} d6 {[%emt 0:00:01]} 9. O-O-O {[%emt 0:00:02]} Be7 {[%emt 0:
00:01]} 10. g4 {[%emt 0:00:02]} Nd7 {[%emt 0:00:01]} 11. h4 {[%emt 0:00:02]}
O-O-O {[%emt 0:00:01]} 12. Kb1 {[%emt 0:00:03]} e5 {[%emt 0:00:01]} 13. Nf5 {
[%emt 0:00:02]} Bf8 {[%emt 0:00:02]} 14. Nxd6+ {[%emt 0:00:04]} Bxd6 {[%emt 0:
00:03]} 15. Qxd6 {[%emt 0:00:02]} Qxd6 {[%emt 0:00:01]} 16. Rxd6 {[%emt 0:00:
01]} Ne7 {[%emt 0:00:05]} 17. Bh3 {[%emt 0:00:45]} Kb8 {[%emt 0:00:17]} 18.
Rhd1 {[%emt 0:00:04]} Nc6 {[%emt 0:00:17]} 19. g5 {[%emt 0:00:15]} Nb6 {[%emt
0:00:06]} 20. Bxb6 {[%emt 0:00:03]} Rxd6 {[%emt 0:00:02]} 21. Rxd6 {[%emt 0:00:
02]} Ne7 {[%emt 0:00:08]} 22. Rd7 {[%emt 0:00:22]} Re8 {[%emt 0:00:10]} 23.
Bc7+ {[%emt 0:00:16]} Ka7 {[%emt 0:00:08]} 24. Bd6 {[%emt 0:00:01]} Nc8 {[%emt
0:00:06]} 25. Bc5+ {[%emt 0:00:11]} Nb6 {[%emt 0:00:03]} 26. Nd5 {[%emt 0:00:
10]} Ka8 {[%emt 0:00:07]} 27. Nxb6+ {[%emt 0:00:03]} Kb8 {[%emt 0:00:04]} 28.
Rxf7 {[%emt 0:00:05]} Rd8 {[%emt 0:00:05]} 29. Rf8 {[%emt 0:00:02]} Rxf8 {
[%emt 0:00:02]} 30. Bxf8 {[%emt 0:00:01]} Bc6 {[%emt 0:00:02] Mariofad rinde}
1-0

[Event "T-Director's Swiss sytem"]
[Site "playchess.com #662980"]
[Date "2014.03.16"]
[Round "2"]
[White "Grunfelder"]
[Black "Muzio44"]
[Result "0-1"]
[WhiteElo "1294"]
[BlackElo "1706"]
[PlyCount "66"]
[EventDate "2014.03.16"]
[EventType "swiss (blitz)"]

1. e4 {[%emt 0:00:04]} c5 {[%emt 0:00:01]} 2. Nf3 {[%emt 0:00:02]} d6 {[%emt 0:
00:01]} 3. d4 {[%emt 0:00:01]} cxd4 {[%emt 0:00:00]} 4. Nxd4 {[%emt 0:00:01]}
Nf6 {[%emt 0:00:00]} 5. Nc3 {[%emt 0:00:01]} Nc6 {[%emt 0:00:01]} 6. f3 {[%emt
0:00:02]} a6 {[%emt 0:00:01]} 7. Be3 {[%emt 0:00:01]} e5 {[%emt 0:00:01]} 8.
Nde2 {[%emt 0:00:02]} Be6 {[%emt 0:00:01]} 9. Qd2 {[%emt 0:00:02]} b5 {[%emt 0:
00:03]} 10. Ng3 {[%emt 0:00:02]} Be7 {[%emt 0:00:05]} 11. O-O-O {[%emt 0:00:04]
} b4 {[%emt 0:00:19]} 12. Nd5 {[%emt 0:00:01]} Bxd5 {[%emt 0:01:22]} 13. exd5 {
[%emt 0:00:06]} Na5 {[%emt 0:00:02]} 14. Nf5 {[%emt 0:00:59]} g6 {[%emt 0:00:
37]} 15. Nxe7 {[%emt 0:00:03]} Qxe7 {[%emt 0:00:02]} 16. Qxb4 {[%emt 0:00:01]}
Nb7 {[%emt 0:00:26]} 17. Bg5 {[%emt 0:00:25]} Nc5 {[%emt 0:00:39]} 18. Qh4 {
[%emt 0:00:14]} Ncd7 {[%emt 0:00:13]} 19. Qa4 {[%emt 0:00:22]} O-O {[%emt 0:00:
16]} 20. h4 {[%emt 0:00:02]} Nc5 {[%emt 0:00:08]} 21. Qa3 {[%emt 0:00:38]} Rfc8
{[%emt 0:00:08]} 22. h5 {[%emt 0:00:04]} a5 {[%emt 0:00:16]} 23. hxg6 {[%emt 0:
00:08]} fxg6 {[%emt 0:00:02]} 24. Qe3 {[%emt 0:00:21]} Qf7 {[%emt 0:00:11]} 25.
c4 {[%emt 0:01:07] .} a4 {[%emt 0:00:17]} 26. a3 {[%emt 0:00:02]} Rab8 {[%emt
0:00:04]} 27. Kb1 {[%emt 0:00:30]} Nb3 {[%emt 0:00:05]} 28. Bd3 {[%emt 0:00:08]
} Nh5 {[%emt 0:00:11]} 29. g4 {[%emt 0:00:19]} Nf4 {[%emt 0:00:04]} 30. Qf2 {
[%emt 0:00:03]} Nd4 {[%emt 0:00:08]} 31. Bxf4 {[%emt 0:00:02]} Qxf4 {[%emt 0:
00:02]} 32. Qh2 {[%emt 0:00:01]} Rc7 {[%emt 0:00:02]} 33. Qxh7+ {[%emt 0:00:02]
} Rxh7 {[%emt 0:00:01] Grunfelder abandonne} 0-1

[Event "T-Director's Swiss sytem"]
[Site "playchess.com #662980"]
[Date "2014.03.16"]
[Round "9"]
[White "Grunfelder"]
[Black "ericozi"]
[Result "1-0"]
[WhiteElo "1322"]
[BlackElo "1251"]
[PlyCount "63"]
[EventDate "2014.03.16"]
[EventType "swiss (blitz)"]

1. e4 {[%emt 0:00:03]} c6 {[%emt 0:00:13]} 2. d4 {[%emt 0:00:02]} d5 {[%emt 0:
00:14]} 3. e5 {[%emt 0:00:01]} e6 {[%emt 0:00:03]} 4. Nc3 {[%emt 0:00:03]} Ne7
{[%emt 0:00:10]} 5. g4 {[%emt 0:00:03]} Ng6 {[%emt 0:00:25]} 6. Be3 {[%emt 0:
00:15]} Be7 {[%emt 0:00:03]} 7. Qd2 {[%emt 0:00:02]} Bh4 {[%emt 0:00:23]} 8.
O-O-O {[%emt 0:00:09]} Nd7 {[%emt 0:00:20]} 9. f4 {[%emt 0:00:02]} Qb6 {[%emt
0:00:16]} 10. Nf3 {[%emt 0:00:10]} h6 {[%emt 0:00:05]} 11. f5 {[%emt 0:00:04]}
exf5 {[%emt 0:00:04]} 12. gxf5 {[%emt 0:00:01]} Ne7 {[%emt 0:00:13]} 13. Nxh4 {
[%emt 0:00:03]} Nf8 {[%emt 0:00:16]} 14. f6 {[%emt 0:00:35]} gxf6 {[%emt 0:00:
12]} 15. exf6 {[%emt 0:00:02]} Neg6 {[%emt 0:00:10]} 16. Nxg6 {[%emt 0:00:09]}
Nxg6 {[%emt 0:00:02]} 17. Bxh6 {[%emt 0:00:07]} Be6 {[%emt 0:00:02]} 18. Qe3 {
[%emt 0:00:08]} O-O-O {[%emt 0:00:07]} 19. h4 {[%emt 0:00:20]} Rde8 {[%emt 0:
00:02]} 20. Bh3 {[%emt 0:00:25]} Bxh3 {[%emt 0:00:14]} 21. Qxh3+ {[%emt 0:00:
02]} Kd8 {[%emt 0:00:08]} 22. Bg5 {[%emt 0:00:08]} Re6 {[%emt 0:00:28]} 23. h5
{[%emt 0:00:06]} Qc7 {[%emt 0:00:11]} 24. Qg4 {[%emt 0:00:13]} Nf8 {[%emt 0:00:
08]} 25. Rde1 {[%emt 0:00:12]} Qd6 {[%emt 0:00:08]} 26. Bf4 {[%emt 0:00:28]}
Qd7 {[%emt 0:00:05]} 27. Be5 {[%emt 0:00:07]} Nh7 {[%emt 0:00:07]} 28. Qg7 {
[%emt 0:00:02]} Qe8 {[%emt 0:00:08]} 29. Rhg1 {[%emt 0:00:21]} a6 {[%emt 0:00:
06]} 30. Qg4 {[%emt 0:00:08]} Kd7 {[%emt 0:00:18]} 31. Na4 {[%emt 0:00:04]} Qd8
{[%emt 0:00:38]} 32. Nc5+ {[%emt 0:00:02] ericozi reconnected. Temps} 1-0

[Event "T-Director's Swiss sytem"]
[Site "playchess.com #662980"]
[Date "2014.03.16"]
[Round "9"]
[White "Haapana"]
[Black "Alphabeta"]
[Result "1-0"]
[WhiteElo "2070"]
[BlackElo "1755"]
[PlyCount "45"]
[EventDate "2014.03.16"]
[EventType "swiss (blitz)"]

1. e4 {[%emt 0:00:04]} c5 {[%emt 0:00:01]} 2. f4 {[%emt 0:00:02]} d5 {[%emt 0:
00:01]} 3. exd5 {[%emt 0:00:02]} Qxd5 {[%emt 0:00:00]} 4. Nc3 {[%emt 0:00:02]}
Qd6 {[%emt 0:00:01]} 5. Nf3 {[%emt 0:00:05]} Nc6 {[%emt 0:00:01]} 6. Bb5 {
[%emt 0:00:08]} Nf6 {[%emt 0:00:02]} 7. Ne5 {[%emt 0:00:24]} a6 {[%emt 0:00:07]
} 8. Bxc6+ {[%emt 0:00:05]} bxc6 {[%emt 0:00:01]} 9. Qf3 {[%emt 0:00:01]} Bd7 {
[%emt 0:00:06]} 10. d3 {[%emt 0:00:24]} e6 {[%emt 0:00:03]} 11. Be3 {[%emt 0:
00:27]} Be7 {[%emt 0:00:11]} 12. Na4 {[%emt 0:00:39]} Qd5 {[%emt 0:00:25]} 13.
c4 {[%emt 0:00:19]} Qxf3 {[%emt 0:00:02]} 14. Nxf3 {[%emt 0:00:01]} Ng4 {[%emt
0:00:25]} 15. Bxc5 {[%emt 0:00:17]} Bxc5 {[%emt 0:00:06]} 16. Nxc5 {[%emt 0:00:
00]} Bc8 {[%emt 0:00:18]} 17. h3 {[%emt 0:00:16]} Ne3 {[%emt 0:00:06]} 18. Kf2
{[%emt 0:00:01]} Nc2 {[%emt 0:00:01]} 19. Rac1 {[%emt 0:00:02]} Nb4 {[%emt 0:
00:01]} 20. a3 {[%emt 0:00:01]} Rb8 {[%emt 0:00:14]} 21. axb4 {[%emt 0:00:04]}
Rxb4 {[%emt 0:00:01]} 22. b3 {[%emt 0:00:20]} a5 {[%emt 0:00:02]} 23. Ra1 {
[%emt 0:00:02] Alphabeta abbandona} 1-0

[Event "T-Director's Swiss sytem"]
[Site "playchess.com #662980"]
[Date "2014.03.16"]
[Round "7"]
[White "Haapana"]
[Black "Irremeabilis"]
[Result "1-0"]
[WhiteElo "2070"]
[BlackElo "2003"]
[PlyCount "121"]
[EventDate "2014.03.16"]
[EventType "swiss (blitz)"]

1. d4 {[%emt 0:00:04]} g6 {[%emt 0:00:03]} 2. Nc3 {[%emt 0:00:03]} Bg7 {[%emt
0:00:00]} 3. e4 {[%emt 0:00:01]} c5 {[%emt 0:00:01]} 4. dxc5 {[%emt 0:00:10]}
Bxc3+ {[%emt 0:00:05]} 5. bxc3 {[%emt 0:00:02]} Qa5 {[%emt 0:00:00]} 6. Bd3 {
[%emt 0:00:01]} Nc6 {[%emt 0:00:20]} 7. Nf3 {[%emt 0:00:11]} Nf6 {[%emt 0:00:
15]} 8. O-O {[%emt 0:00:03]} O-O {[%emt 0:00:04]} 9. e5 {[%emt 0:00:43]} Ng4 {
[%emt 0:00:20]} 10. Qe2 {[%emt 0:00:10]} Qxc3 {[%emt 0:00:08]} 11. Bd2 {[%emt
0:00:03]} Qxc5 {[%emt 0:00:05]} 12. Rfe1 {[%emt 0:00:18]} d6 {[%emt 0:00:20]}
13. exd6 {[%emt 0:00:14]} exd6 {[%emt 0:00:09]} 14. h3 {[%emt 0:02:21]} Nge5 {
[%emt 0:00:07]} 15. Bh6 {[%emt 0:00:01]} Re8 {[%emt 0:00:21]} 16. Ng5 {[%emt 0:
00:01]} Bd7 {[%emt 0:00:28]} 17. Ne4 {[%emt 0:00:06]} Nd4 {[%emt 0:01:04]} 18.
Qe3 {[%emt 0:00:45]} Nf5 {[%emt 0:00:13]} 19. Nxc5 {[%emt 0:00:03]} Nxe3 {
[%emt 0:00:07]} 20. Nxd7 {[%emt 0:00:05]} Nxd7 {[%emt 0:00:08]} 21. Bxe3 {
[%emt 0:00:02]} Ne5 {[%emt 0:00:04]} 22. Bd4 {[%emt 0:00:01]} f6 {[%emt 0:00:
03]} 23. f4 {[%emt 0:00:02]} Nxd3 {[%emt 0:00:01]} 24. cxd3 {[%emt 0:00:02]}
Kf7 {[%emt 0:00:02]} 25. Rxe8 {[%emt 0:00:09]} Rxe8 {[%emt 0:00:01]} 26. Rc1 {
[%emt 0:00:00]} Re7 {[%emt 0:00:05]} 27. Kf2 {[%emt 0:00:01]} b6 {[%emt 0:00:
01]} 28. a4 {[%emt 0:00:06]} f5 {[%emt 0:00:03]} 29. Kf3 {[%emt 0:00:02]} h5 {
[%emt 0:00:03]} 30. Be3 {[%emt 0:00:01]} Ke6 {[%emt 0:00:03]} 31. Rc8 {[%emt 0:
00:01]} Kd5 {[%emt 0:00:02]} 32. Rg8 {[%emt 0:00:02]} Re6 {[%emt 0:00:01]} 33.
Rg7 {[%emt 0:00:01]} a5 {[%emt 0:00:01]} 34. Bxb6 {[%emt 0:00:02]} Re1 {[%emt
0:00:11]} 35. Rxg6 {[%emt 0:00:03]} Ra1 {[%emt 0:00:10]} 36. Bxa5 {[%emt 0:00:
02]} Rxa4 {[%emt 0:00:03]} 37. Bd2 {[%emt 0:00:03]} Ra2 {[%emt 0:00:03]} 38.
Ke2 {[%emt 0:00:01]} Ra4 {[%emt 0:00:05]} 39. Rf6 {[%emt 0:00:02]} h4 {[%emt 0:
00:04]} 40. Rxf5+ {[%emt 0:00:01]} Kc6 {[%emt 0:00:01]} 41. Rh5 {[%emt 0:00:01]
} Ra8 {[%emt 0:00:03]} 42. Rxh4 {[%emt 0:00:01]} Kd7 {[%emt 0:00:01]} 43. Rg4 {
[%emt 0:00:01]} Ke6 {[%emt 0:00:00]} 44. Rg5 {[%emt 0:00:01]} Kf6 {[%emt 0:00:
02]} 45. h4 {[%emt 0:00:02]} Re8+ {[%emt 0:00:01]} 46. Kf3 {[%emt 0:00:03]} Rd8
{[%emt 0:00:02]} 47. h5 {[%emt 0:00:02]} d5 {[%emt 0:00:01]} 48. g4 {[%emt 0:
00:01]} d4 {[%emt 0:00:02]} 49. Rg6+ {[%emt 0:00:01]} Kf7 {[%emt 0:00:02]} 50.
f5 {[%emt 0:00:01]} Ra8 {[%emt 0:00:04]} 51. Ke4 {[%emt 0:00:03]} Ra2 {[%emt 0:
00:02]} 52. Bf4 {[%emt 0:00:01]} Ra4 {[%emt 0:00:02]} 53. Be5 {[%emt 0:00:01]}
Ra1 {[%emt 0:00:05]} 54. Rg7+ {[%emt 0:00:02]} Kf8 {[%emt 0:00:01]} 55. h6 {
[%emt 0:00:01]} Re1+ {[%emt 0:00:06]} 56. Kd5 {[%emt 0:00:01]} Rh1 {[%emt 0:00:
11]} 57. g5 {[%emt 0:00:01]} Ke8 {[%emt 0:00:01]} 58. f6 {[%emt 0:00:02]} Kf8 {
[%emt 0:00:04]} 59. Bd6+ {[%emt 0:00:02]} Ke8 {[%emt 0:00:02]} 60. f7+ {[%emt
0:00:04]} Kd7 {[%emt 0:00:03]} 61. f8=Q# {[%emt 0:00:01]} 1-0

[Event "T-Director's Swiss sytem"]
[Site "playchess.com #662980"]
[Date "2014.03.16"]
[Round "4"]
[White "Haapana"]
[Black "Jiiva"]
[Result "0-1"]
[WhiteElo "2115"]
[BlackElo "1930"]
[PlyCount "118"]
[EventDate "2014.03.16"]
[EventType "swiss (blitz)"]

1. d4 {[%emt 0:00:04]} Nc6 {[%emt 0:00:08]} 2. Nf3 {[%emt 0:00:09]} d5 {[%emt
0:00:06]} 3. c4 {[%emt 0:00:06]} Bg4 {[%emt 0:00:02]} 4. cxd5 {[%emt 0:00:02]}
Bxf3 {[%emt 0:00:02]} 5. dxc6 {[%emt 0:00:02]} Bxc6 {[%emt 0:00:03]} 6. Nc3 {
[%emt 0:00:01]} e6 {[%emt 0:00:03]} 7. a3 {[%emt 0:00:02]} Nf6 {[%emt 0:00:04]}
8. f3 {[%emt 0:00:02]} Nh5 {[%emt 0:00:11]} 9. g3 {[%emt 0:00:49] Jiiva
reconnected.} Bd6 {[%emt 0:00:24]} 10. e4 {[%emt 0:00:27]} O-O {[%emt 0:00:38]}
11. Bg2 {[%emt 0:00:17]} e5 {[%emt 0:00:17]} 12. d5 {[%emt 0:01:55]} Bd7 {
[%emt 0:00:05]} 13. O-O {[%emt 0:00:06]} Nf6 {[%emt 0:00:07]} 14. Be3 {[%emt 0:
00:07]} Ne8 {[%emt 0:00:03]} 15. Qd2 {[%emt 0:00:41]} f5 {[%emt 0:00:07]} 16.
Ne2 {[%emt 0:00:12]} Qe7 {[%emt 0:00:12]} 17. Rac1 {[%emt 0:00:06]} Qf6 {[%emt
0:00:11]} 18. Bc5 {[%emt 0:00:11]} Bxc5+ {[%emt 0:00:11]} 19. Rxc5 {[%emt 0:00:
05]} Qb6 {[%emt 0:00:01]} 20. Qb4 {[%emt 0:00:08]} fxe4 {[%emt 0:00:08]} 21.
fxe4 {[%emt 0:00:03] .} Rxf1+ {[%emt 0:00:07]} 22. Bxf1 {[%emt 0:00:00]} Nf6 {
[%emt 0:00:03]} 23. Qxb6 {[%emt 0:00:04]} cxb6 {[%emt 0:00:03]} 24. Rc7 {[%emt
0:00:01]} Rb8 {[%emt 0:00:02]} 25. Nc3 {[%emt 0:00:02]} Be8 {[%emt 0:00:04]}
26. Be2 {[%emt 0:00:04]} Bg6 {[%emt 0:00:02]} 27. Bf3 {[%emt 0:00:03]} Ne8 {
[%emt 0:00:02]} 28. Rd7 {[%emt 0:00:04]} Kf8 {[%emt 0:00:02]} 29. d6 {[%emt 0:
00:05]} a5 {[%emt 0:00:06] '} 30. Kf2 {[%emt 0:00:02]} Rc8 {[%emt 0:00:02]} 31.
Ke3 {[%emt 0:00:01]} Rc6 {[%emt 0:00:03]} 32. Rxb7 {[%emt 0:00:01]} Nxd6 {
[%emt 0:00:01]} 33. Rb8+ {[%emt 0:00:01]} Kf7 {[%emt 0:00:01]} 34. Nd5 {[%emt
0:00:01]} Nc4+ {[%emt 0:00:01]} 35. Kf2 {[%emt 0:00:04]} Nxb2 {[%emt 0:00:02]}
36. Rb7+ {[%emt 0:00:00]} Kf8 {[%emt 0:00:02]} 37. Nxb6 {[%emt 0:00:01]} Nd3+ {
[%emt 0:00:02]} 38. Ke3 {[%emt 0:00:02]} Rc3 {[%emt 0:00:02]} 39. Nd7+ {[%emt
0:00:02]} Ke8 {[%emt 0:00:02]} 40. Kd2 {[%emt 0:00:02]} Rxa3 {[%emt 0:00:01]}
41. Be2 {[%emt 0:00:01]} Bxe4 {[%emt 0:00:04]} 42. Ra7 {[%emt 0:00:05]} Bf5 {
[%emt 0:00:07]} 43. Nb6 {[%emt 0:00:03]} Nc5 {[%emt 0:00:03]} 44. Nd5 {[%emt 0:
00:02]} a4 {[%emt 0:00:05]} 45. Re7+ {[%emt 0:00:03]} Kd8 {[%emt 0:00:02]} 46.
Rxe5 {[%emt 0:00:00]} Bg6 {[%emt 0:00:01]} 47. Nc3 {[%emt 0:00:02]} Nb3+ {
[%emt 0:00:02]} 48. Ke3 {[%emt 0:00:01]} Nc1 {[%emt 0:00:06]} 49. Kd2 {[%emt 0:
00:02]} Nb3+ {[%emt 0:00:02]} 50. Ke3 {[%emt 0:00:01]} Kd7 {[%emt 0:00:08]} 51.
Rd5+ {[%emt 0:00:02]} Ke7 {[%emt 0:00:05]} 52. Bb5 {[%emt 0:00:03]} Na5 {[%emt
0:00:05]} 53. Kd4 {[%emt 0:00:03]} Bf7 {[%emt 0:00:05]} 54. Rd7+ {[%emt 0:00:
02]} Ke6 {[%emt 0:00:04]} 55. Ra7 {[%emt 0:00:02]} Nb3+ {[%emt 0:00:03]} 56.
Ke3 {[%emt 0:00:03]} Nc5 {[%emt 0:00:01]} 57. Bc4+ {[%emt 0:00:02]} Ke5 {[%emt
0:00:05]} 58. Re7+ {[%emt 0:00:05]} Kd6 {[%emt 0:00:02]} 59. Kd4 {[%emt 0:00:
02]} Kxe7 {[%emt 0:00:05] Time} 0-1